Numbers Spelled Out - Statistics

General Stats
  • This quiz has been taken 12 times
  • The average score is 20 of 20
Answer Stats
Hint Answer % Correct
8 Eight
100%
11 Eleven
100%
15 Fifteen
100%
5 Five
100%
4 Four
100%
14 Fourteen
100%
9 Nine
100%
19 Nineteen
100%
1 One
100%
7 Seven
100%
17 Seventeen
100%
6 Six
100%
10 Ten
100%
3 Three
100%
12 Twelve
100%
20 Twenty
100%
2 Two
100%
18 Eighteen
92%
16 Sixteen
92%
13 Thirteen
83%
No matching quizzes found
Score Distribution
Percent of People with Each Score
Percentile by Number Answered
Your Score History
You have not taken this quiz